01572nam a2200301ua 450000100060000000300080000600500170001400800410003103500190007204000240009104100080011508200240012310000430014724501120019025000120030226000500031430000300036450000190039465000390041371000440045294200120049699900170050895201490052595201490067495201490082395201490097295201490112146660BD-RjUL20211209054203.0160803s1968 pk 001 0 eng  a(BD-RjUL)46779 aDLCcCarPdDLCbeng aeng 223a347.9bNIC 1968 aNizamy, Muhammad Mazhar Hasan 914226114aThe Code of civil procedure (V of 1908) with commentary /cwith commentary by Muhammad Mazhar Hasan Nizamy. a6th ed. aLahore :bAll Pakistan Legal Division,c1968. alx, 626, 136 p. ;c24 cm. aIncludes index 0aCivil procedurezPakistan.91422622 aFazal i-Haq. [from old catalog]9142263 2ddccBK c46660d46660 00102ddc40708NFICaRUCLbRUCLcStackd1968-08-04eWasi book corp., Daccag16.80l0o347.9 NIC 1968r2016-08-03 00:00:00tC-2w2016-08-03yBK 00102ddc40708NFICaRUCLbRUCLcStackd1968-08-04eWasi book corp., Daccag16.80l0o347.9 NIC 1968r2016-08-03 00:00:00tC-3w2016-08-03yBK 00102ddc40708NFICaRUCLbRUCLcStackd1968-08-04eWasi book corp., Daccag16.80l0o347.9 NIC 1968r2016-08-03 00:00:00tC-4w2016-08-03yBK 00102ddc40708NFICaRUCLbRUCLcStackd1968-08-04eWasi book corp., Daccag16.80l0o347.9 NIC 1968r2016-08-03 00:00:00tC-5w2016-08-03yBK 00102ddc40708NFICaRUCLbRUCLcStackd1968-07-12eWarsi book corporationg16.80l0o347.9 NIC 1968r2016-11-05 00:00:00tC-6w2021-12-09yBK